MARC details
| 000 -LEADER |
| fixed length control field |
01161cas a2200361 a 4500 |
| 001 - CONTROL NUMBER |
| control field |
22987 |
| 003 - CONTROL NUMBER IDENTIFIER |
| control field |
SK-KTurca |
| 005 - DATE AND TIME OF LATEST TRANSACTION |
| control field |
20260513132809.0 |
| 008 - FIXED-LENGTH DATA ELEMENTS--GENERAL INFORMATION |
| fixed length control field |
040803d19461948xo wr p 0 b0slo c |
| 040 ## - CATALOGING SOURCE |
| Original cataloging agency |
BA001 |
| Language of cataloging |
slo |
| Description conventions |
AACR2 |
| 041 0# - LANGUAGE CODE |
| Language code of text/sound track or separate title |
slo |
| 044 ## - COUNTRY OF PUBLISHING/PRODUCING ENTITY CODE |
| MARC country code |
xo |
| ISO country code |
SK |
| 080 ## - UNIVERSAL DECIMAL CLASSIFICATION NUMBER |
| Universal Decimal Classification number |
323.2 |
| Edition identifier |
2011 |
| 080 ## - UNIVERSAL DECIMAL CLASSIFICATION NUMBER |
| Universal Decimal Classification number |
355.11 |
| Edition identifier |
2011 |
| 245 00 - TITLE STATEMENT |
| Title |
Odkaz : |
| Remainder of title |
týždenník Sväzu vojakov Slovenského národného povstania |
| 246 33 - VARYING FORM OF TITLE |
| Title proper/short title |
Odkaz |
| 246 33 - VARYING FORM OF TITLE |
| Title proper/short title |
Odkaz Slovenského národného povstania |
| 260 ## - PUBLICATION, DISTRIBUTION, ETC. |
| Place of publication, distribution, etc. |
Bratislava |
| Name of publisher, distributor, etc. |
Sväz vojakov Slovenského národného povstania |
| Date of publication, distribution, etc. |
1946-1948 |
| Manufacturer |
(Litera, p.n.s.) |
| 300 ## - PHYSICAL DESCRIPTION |
| Extent |
zv. |
| Dimensions |
21x28 cm |
| 310 ## - CURRENT PUBLICATION FREQUENCY |
| Current publication frequency |
1x týždenne |
| Date of current publication frequency |
od č. 21(1947) |
| 321 ## - FORMER PUBLICATION FREQUENCY |
| Former publication frequency |
2x mesačne |
| Dates of former publication frequency |
1946-č. 20(1947) |
| 362 0# - DATES OF PUBLICATION AND/OR SEQUENTIAL DESIGNATION |
| Dates of publication and/or sequential designation |
Roč. 1, č. 1 (28. mar. 1946) - roč. 3, č. 11 (mar. 1948) |
| Source of information |
Bg. Balúnová/1995 |
| 500 ## - GENERAL NOTE |
| General note |
Vyšlo mimoriadne č.( 2. marec 1948) |
| 550 ## - ISSUING BODY NOTE |
| Issuing body note |
Menil tlačiarne |
| 550 ## - ISSUING BODY NOTE |
| Issuing body note |
Zodp. red. Jozef Bradáč |
| 550 ## - ISSUING BODY NOTE |
| Issuing body note |
Od č. 21(1947) formát: 34x51 cm |
| 650 #8 - SUBJECT ADDED ENTRY--TOPICAL TERM |
| Topical term or geographic name entry element |
323.2 |
| Source of heading or term |
MDT |
| 650 #8 - SUBJECT ADDED ENTRY--TOPICAL TERM |
| Topical term or geographic name entry element |
355.11 |
| Source of heading or term |
MDT |
| 650 #9 - SUBJECT ADDED ENTRY--TOPICAL TERM |
| Topical term or geographic name entry element |
odbojové hnutie |
| Source of heading or term |
SKP |
| 650 #9 - SUBJECT ADDED ENTRY--TOPICAL TERM |
| Topical term or geographic name entry element |
vojaci |
| Source of heading or term |
SKP |
| 785 00 - SUCCEEDING ENTRY |
| Title |
Bojovník |
| 942 ## - ADDED ENTRY ELEMENTS (KOHA) |
| Source of classification or shelving scheme |
Dewey Decimal Classification |
| Koha item type |
Odborná literatúra pre dospelých |
| Suppress in OPAC |
No |